Name Every Current CFB Bowl Game - Statistics

General Stats
  • This quiz has been taken 34 times
  • The average score is 12 of 42
Answer Stats
Hint Answer % Correct
Pasadena, CA Rose Bowl
89%
Glendale, AZ Fiesta Bowl
67%
Miami, FL Orange Bowl
67%
Arlington, TX Cotton Bowl
59%
Atlanta, GA Peach Bowl
59%
New Orleans, LA Sugar Bowl
56%
San Antonio, TX Alamo Bowl
44%
El Paso, TX Sun Bowl
41%
Fort Worth, TX Armed Forces Bowl
33%
Orlando, FL Cheez-it Bowl
33%
Honolulu, HI Hawai'i Bowl
33%
Bronx, NY Pinstripe Bowl
33%
Jacksonville, FL Gator Bowl
30%
Nashville, TN Music City Bowl
30%
Orlando, FL Pop-Tarts Bowl
30%
Houston, TX Texas Bowl
30%
Tucson, AZ Arizona Bowl
26%
Birmingham, AL Birmingham Bowl
26%
Orlando, FL Cure Bowl
26%
Boise, ID Famous Idaho Potato Bowl
26%
Frisco, TX Frisco Bowl
26%
Inglewood, CA LA Bowl
26%
Las Vegas, NV Las Vegas Bowl
26%
Albuquerque, NM New Mexico Bowl
26%
New Orleans, LA New Orleans Bowl
26%
Nassau, Bahamas Bahamas Bowl
22%
Boca Raton, FL Boca Raton Bowl
22%
Memphis, TN Liberty Bowl
22%
Conway, SC Myrtle Beach Bowl
22%
Charlotte, NC Dukes Mayo Bowl
19%
Boston, MA Fenway Bowl
19%
Tampa, FL Gasparilla Bowl
19%
San Diego, CA Holiday Bowl
19%
Shreveport, LA Independence Bowl
19%
Tampa, FL Reliaquest Bowl
19%
Annapolis, MD Military Bowl
15%
Atlanta, GA Celebration Bowl
11%
Phoenix, AZ Rate Bowl
11%
Mobile, AL 68 Ventures Bowl
7%
Dallas, TX First Responder Bowl
7%
Montgomery, AL Salute to Veterans Bowl
7%
Detroit, MI Sports Bowl
7%
No matching quizzes found
Score Distribution
Percent of People with Each Score
Percentile by Number Answered
Your Score History
You have not taken this quiz